[Event "DEM U10w 2024"]
[Site "Willingen GER"]
[Date "2024.05.19"]
[Round "1"]
[White "Yamshchikova, Oleksandra"]
[Black "Lukas, Olivia"]
[Result "0-1"]
[Termination "normal"]
[Board "5"]
[WhiteElo "1032"]
[BlackElo "1569"]
[WhiteClock "00:51:35"]
[BlackClock "00:37:19"]
[PlyCount "70"]
[WhiteFideId "34171118"]
[BlackFideId "34632239"]
[EventCountry "GER"]
[EventRounds "11"]
[EventType "swiss"]
[EventDate "2024.05.18"]

1. e4 {[%clk 01:15:58]} {[%emt 00:00:01]} e5 {[%clk 01:15:51]} {[%emt
00:00:10]} 2. Nf3 {[%clk 01:16:21]} {[%emt 00:00:07]} Nc6 {[%clk 01:16:13]}
{[%emt 00:00:09]} 3. Bc4 {[%clk 01:16:48]} {[%emt 00:00:02]} Bc5 {[%clk
01:16:35]} {[%emt 00:00:07]} 4. c3 {[%clk 01:17:04]} {[%emt 00:00:14]} Nf6
{[%clk 01:17:00]} {[%emt 00:00:06]} 5. d4 {[%clk 01:17:18]} {[%emt 00:00:15]}
exd4 {[%clk 01:17:24]} {[%emt 00:00:06]} 6. O-O {[%clk 01:17:41]} {[%emt
00:00:08]} Nxe4 {[%clk 01:14:58]} {[%emt 00:02:56]} 7. Re1 {[%clk 01:17:45]}
{[%emt 00:00:25]} d5 {[%clk 01:14:59]} {[%emt 00:00:30]} 8. Bd3 {[%clk
01:17:21]} {[%emt 00:00:50]} O-O {[%clk 01:15:04]} {[%emt 00:00:28]} 9. Bxe4
{[%clk 01:17:16]} {[%emt 00:00:34]} dxe4 {[%clk 01:15:18]} {[%emt 00:00:18]}
10. Rxe4 {[%clk 01:16:26]} {[%emt 00:01:20]} Bf5 {[%clk 01:14:05]} {[%emt
00:01:42]} 11. Re1 {[%clk 01:16:28]} {[%emt 00:00:28]} d3 {[%clk 01:14:18]}
{[%emt 00:00:17]} 12. b4 {[%clk 01:16:33]} {[%emt 00:00:25]} Bb6 {[%clk
01:13:56]} {[%emt 00:00:51]} 13. h3 {[%clk 01:15:43]} {[%emt 00:01:21]} Re8
{[%clk 01:12:55]} {[%emt 00:01:31]} 14. b5 {[%clk 01:15:13]} {[%emt 00:01:00]}
Na5 {[%clk 01:12:23]} {[%emt 00:01:03]} 15. a4 {[%clk 01:12:56]} {[%emt
00:02:46]} c5 {[%clk 01:09:38]} {[%emt 00:03:15]} 16. Kf1 {[%clk 01:12:46]}
{[%emt 00:00:40]} c4 {[%clk 01:05:08]} {[%emt 00:05:00]} 17. Bf4 {[%clk
01:11:55]} {[%emt 00:01:21]} Rc8 {[%clk 01:02:18]} {[%emt 00:03:20]} 18. Nbd2
{[%clk 01:11:50]} {[%emt 00:00:35]} Qf6 {[%clk 00:59:17]} {[%emt 00:03:32]} 19.
Qc1 {[%clk 01:11:44]} {[%emt 00:00:34]} Re6 {[%clk 00:55:51]} {[%emt 00:03:58]}
20. Qb2 {[%clk 01:10:53]} {[%emt 00:01:21]} Qe7 {[%clk 00:51:54]} {[%emt
00:04:27]} 21. Kg1 {[%clk 01:08:28]} {[%emt 00:02:55]} Re2 {[%clk 00:48:59]}
{[%emt 00:03:25]} 22. Rxe2 {[%clk 01:08:34]} {[%emt 00:00:24]} dxe2 {[%clk
00:47:53]} {[%emt 00:01:36]} 23. Re1 {[%clk 01:08:31]} {[%emt 00:00:32]} Bd3
{[%clk 00:47:28]} {[%emt 00:00:55]} 24. Qc1 {[%clk 01:08:10]} {[%emt 00:00:50]}
Qf6 {[%clk 00:45:10]} {[%emt 00:02:50]} 25. Be5 {[%clk 01:07:25]} {[%emt
00:01:10]} Qf5 {[%clk 00:44:56]} {[%emt 00:00:48]} 26. g4 {[%clk 01:05:33]}
{[%emt 00:02:22]} Qg6 {[%clk 00:44:06]} {[%emt 00:01:20]} 27. Qb2 {[%clk
01:03:39]} {[%emt 00:02:23]} Qe6 {[%clk 00:43:15]} {[%emt 00:01:22]} 28. Bg3
{[%clk 01:01:06]} {[%emt 00:03:04]} Bc5 {[%clk 00:43:21]} {[%emt 00:00:23]} 29.
Ng5 {[%clk 00:57:47]} {[%emt 00:03:48]} Qg6 {[%clk 00:42:07]} {[%emt 00:01:45]}
30. h4 {[%clk 00:57:20]} {[%emt 00:00:57]} h6 {[%clk 00:41:42]} {[%emt
00:00:56]} 31. Ngf3 {[%clk 00:57:04]} {[%emt 00:00:43]} Qxg4 {[%clk 00:40:06]}
{[%emt 00:02:08]} 32. Kg2 {[%clk 00:56:45]} {[%emt 00:00:48]} Re8 {[%clk
00:39:22]} {[%emt 00:01:15]} 33. Kh2 {[%clk 00:55:04]} {[%emt 00:02:11]} b6
{[%clk 00:38:10]} {[%emt 00:01:43]} 34. Ne5 {[%clk 00:54:35]} {[%emt 00:00:57]}
Rxe5 {[%clk 00:37:15]} {[%emt 00:01:27]} 35. Bxe5 {[%clk 00:51:35]} {[%emt
00:03:29]} Qxh4+ {[%clk 00:37:19]} {[%emt 00:00:26]} 0-1

[Event "DEM U10w 2024"]
[Site "Willingen GER"]
[Date "2024.05.19"]
[Round "1"]
[White "Kühn, Nicole"]
[Black "Subocz, Emma"]
[Result "1-0"]
[Termination "normal"]
[Board "6"]
[WhiteElo "1477"]
[BlackElo "1028"]
[WhiteClock "00:58:29"]
[BlackClock "01:17:37"]
[PlyCount "47"]
[WhiteFideId "34610510"]
[BlackFideId "41805666"]
[EventCountry "GER"]
[EventRounds "11"]
[EventType "swiss"]
[EventDate "2024.05.18"]

1. e4 {[%clk 01:15:21]} {[%emt 00:00:37]} c5 {[%clk 01:15:55]} {[%emt
00:00:06]} 2. Nf3 {[%clk 01:15:19]} {[%emt 00:00:33]} d6 {[%clk 01:16:08]}
{[%emt 00:00:17]} 3. Bb5+ {[%clk 01:14:24]} {[%emt 00:01:24]} Bd7 {[%clk
01:16:26]} {[%emt 00:00:12]} 4. Bxd7+ {[%clk 01:13:25]} {[%emt 00:01:28]} Qxd7
{[%clk 01:16:50]} {[%emt 00:00:08]} 5. c3 {[%clk 01:12:40]} {[%emt 00:01:15]}
d5 {[%clk 01:16:46]} {[%emt 00:00:33]} 6. d3 {[%clk 01:10:06]} {[%emt
00:03:04]} dxe4 {[%clk 01:16:53]} {[%emt 00:00:23]} 7. dxe4 {[%clk 01:09:18]}
{[%emt 00:01:19]} Qxd1+ {[%clk 01:17:09]} {[%emt 00:00:13]} 8. Kxd1 {[%clk
01:09:28]} {[%emt 00:00:21]} Nc6 {[%clk 01:17:33]} {[%emt 00:00:06]} 9. Bf4
{[%clk 01:08:19]} {[%emt 00:01:39]} Nf6 {[%clk 01:17:37]} {[%emt 00:00:25]} 10.
Nbd2 {[%clk 01:07:46]} {[%emt 00:01:03]} e6 {[%clk 01:16:36]} {[%emt 00:01:31]}
11. Re1 {[%clk 01:05:45]} {[%emt 00:02:30]} Ng4 {[%clk 01:16:09]} {[%emt
00:00:58]} 12. Ke2 {[%clk 01:04:30]} {[%emt 00:01:46]} e5 {[%clk 01:16:37]}
{[%emt 00:00:02]} 13. Bg3 {[%clk 01:03:46]} {[%emt 00:01:12]} O-O-O {[%clk
01:16:27]} {[%emt 00:00:41]} 14. h3 {[%clk 01:03:05]} {[%emt 00:01:11]} Nf6
{[%clk 01:16:25]} {[%emt 00:00:32]} 15. Nxe5 {[%clk 01:01:55]} {[%emt
00:01:40]} Nxe5 {[%clk 01:16:35]} {[%emt 00:00:20]} 16. Bxe5 {[%clk 01:01:52]}
{[%emt 00:00:34]} Re8 {[%clk 01:16:44]} {[%emt 00:00:20]} 17. Bxf6 {[%clk
01:01:14]} {[%emt 00:01:08]} gxf6 {[%clk 01:17:06]} {[%emt 00:00:08]} 18. Kf1
{[%clk 01:00:22]} {[%emt 00:01:22]} Bh6 {[%clk 01:17:21]} {[%emt 00:00:16]} 19.
Nc4 {[%clk 00:58:43]} {[%emt 00:02:09]} Re6 {[%clk 01:17:23]} {[%emt 00:00:28]}
20. Rad1 {[%clk 00:58:27]} {[%emt 00:00:46]} Rhe8 {[%clk 01:17:37]} {[%emt
00:00:15]} 21. Nd6+ {[%clk 00:58:10]} {[%emt 00:00:47]} Rxd6 {[%clk 01:17:55]}
{[%emt 00:00:12]} 22. Rxd6 {[%clk 00:58:15]} {[%emt 00:00:25]} Bg7 {[%clk
01:18:05]} {[%emt 00:00:20]} 23. f3 {[%clk 00:58:18]} {[%emt 00:00:27]} Kc7
{[%clk 01:17:37]} {[%emt 00:00:58]} 24. Red1 {[%clk 00:58:29]} {[%emt
00:00:19]} 1-0

[Event "DEM U10w 2024"]
[Site "Willingen GER"]
[Date "2024.05.19"]
[Round "1"]
[White "Preißler, Enie"]
[Black "Elsayed Esam, Sally"]
[Result "1-0"]
[Termination "normal"]
[Board "7"]
[WhiteElo "1019"]
[BlackElo "1584"]
[WhiteClock "00:45:03"]
[BlackClock "00:13:56"]
[PlyCount "113"]
[BlackFideId "34662170"]
[EventCountry "GER"]
[EventRounds "11"]
[EventType "swiss"]
[EventDate "2024.05.18"]

1. d4 {[%clk 01:15:57]} {[%emt 00:00:02]} d5 {[%clk 01:15:53]} {[%emt
00:00:08]} 2. Bf4 {[%clk 01:16:21]} {[%emt 00:00:05]} Nf6 {[%clk 01:16:10]}
{[%emt 00:00:14]} 3. e3 {[%clk 01:16:31]} {[%emt 00:00:19]} c6 {[%clk
01:16:31]} {[%emt 00:00:09]} 4. c3 {[%clk 01:16:41]} {[%emt 00:00:20]} Bf5
{[%clk 01:16:34]} {[%emt 00:00:27]} 5. Nf3 {[%clk 01:16:28]} {[%emt 00:00:43]}
Bg4 {[%clk 01:16:49]} {[%emt 00:00:15]} 6. Bd3 {[%clk 01:14:30]} {[%emt
00:02:29]} e6 {[%clk 01:16:21]} {[%emt 00:00:58]} 7. Nbd2 {[%clk 01:12:08]}
{[%emt 00:02:51]} Bd6 {[%clk 01:15:39]} {[%emt 00:01:13]} 8. Bg3 {[%clk
01:12:17]} {[%emt 00:00:20]} Bxg3 {[%clk 01:15:44]} {[%emt 00:00:25]} 9. hxg3
{[%clk 01:12:27]} {[%emt 00:00:10]} Nbd7 {[%clk 01:15:52]} {[%emt 00:00:32]}
10. Qc2 {[%clk 01:09:43]} {[%emt 00:03:15]} h6 {[%clk 01:14:00]} {[%emt
00:02:23]} 11. Ne5 {[%clk 01:05:29]} {[%emt 00:04:43]} Qc7 {[%clk 01:03:23]}
{[%emt 00:11:07]} 12. Nxg4 {[%clk 01:02:48]} {[%emt 00:03:08]} Nxg4 {[%clk
01:03:35]} {[%emt 00:00:19]} 13. Nf3 {[%clk 01:02:36]} {[%emt 00:00:43]} O-O-O
{[%clk 01:02:12]} {[%emt 00:01:53]} 14. O-O-O {[%clk 00:54:10]} {[%emt
00:08:55]} Qa5 {[%clk 01:01:32]} {[%emt 00:01:12]} 15. a3 {[%clk 00:48:57]}
{[%emt 00:05:44]} Kb8 {[%clk 01:01:06]} {[%emt 00:00:55]} 16. Rh4 {[%clk
00:48:13]} {[%emt 00:01:13]} h5 {[%clk 00:59:06]} {[%emt 00:02:31]} 17. Ng5
{[%clk 00:46:42]} {[%emt 00:01:59]} Rc8 {[%clk 00:48:10]} {[%emt 00:11:26]} 18.
Rdh1 {[%clk 00:45:21]} {[%emt 00:01:46]} Ndf6 {[%clk 00:44:15]} {[%emt
00:04:31]} 19. Nxf7 {[%clk 00:43:49]} {[%emt 00:02:02]} Rhf8 {[%clk 00:41:02]}
{[%emt 00:03:42]} 20. Ne5 {[%clk 00:43:29]} {[%emt 00:00:50]} Nxe5 {[%clk
00:37:20]} {[%emt 00:04:13]} 21. dxe5 {[%clk 00:43:42]} {[%emt 00:00:16]} Ng4
{[%clk 00:37:12]} {[%emt 00:00:39]} 22. f4 {[%clk 00:40:09]} {[%emt 00:04:03]}
Nxe3 {[%clk 00:33:18]} {[%emt 00:04:24]} 23. Qe2 {[%clk 00:40:06]} {[%emt
00:00:33]} Nf5 {[%clk 00:31:25]} {[%emt 00:02:24]} 24. Bxf5 {[%clk 00:39:11]}
{[%emt 00:01:24]} Rxf5 {[%clk 00:31:05]} {[%emt 00:00:50]} 25. Rxh5 {[%clk
00:38:35]} {[%emt 00:01:05]} g6 {[%clk 00:29:32]} {[%emt 00:02:04]} 26. Rh8
{[%clk 00:38:06]} {[%emt 00:00:58]} Rcf8 {[%clk 00:26:38]} {[%emt 00:03:25]}
27. Rxf8+ {[%emt 00:00:53]} Rxf8 {[%emt 00:00:13]} 28. Qg4 {[%clk 00:37:20]}
{[%emt 00:00:10]} Rd8 {[%clk 00:12:54]} {[%emt 00:14:14]} 29. Qxe6 {[%clk
00:37:10]} {[%emt 00:00:38]} c5 {[%clk 00:07:39]} {[%emt 00:05:47]} 30. Rh7
{[%clk 00:36:34]} {[%emt 00:01:05]} Ka8 {[%clk 00:05:17]} {[%emt 00:02:54]} 31.
Qe7 {[%clk 00:36:14]} {[%emt 00:00:48]} Rb8 {[%clk 00:05:31]} {[%emt 00:00:16]}
32. Qe6 {[%clk 00:35:43]} {[%emt 00:01:01]} Rd8 {[%clk 00:04:34]} {[%emt
00:01:28]} 33. f5 {[%clk 00:36:02]} {[%emt 00:00:10]} d4 {[%clk 00:04:04]}
{[%emt 00:01:00]} 34. Qe7 {[%clk 00:32:20]} {[%emt 00:04:13]} Rb8 {[%clk
00:04:05]} {[%emt 00:00:29]} 35. cxd4 {[%clk 00:28:45]} {[%emt 00:04:04]} cxd4
{[%clk 00:02:31]} {[%emt 00:02:05]} 36. Rh1 {[%clk 00:28:13]} {[%emt 00:01:01]}
d3 {[%clk 00:02:00]} {[%emt 00:01:02]} 37. Rd1 {[%clk 00:28:27]} {[%emt
00:00:15]} Rc8+ {[%clk 00:01:33]} {[%emt 00:00:57]} 38. Kb1 {[%clk 00:28:08]}
{[%emt 00:00:49]} Qa4 {[%clk 00:01:24]} {[%emt 00:00:39]} 39. Rc1 {[%clk
00:27:29]} {[%emt 00:01:09]} Qc2+ {[%clk 00:01:20]} {[%emt 00:00:35]} 40. Rxc2
{[%clk 00:27:36]} {[%emt 00:00:24]} dxc2+ {[%clk 00:01:36]} {[%emt 00:00:13]}
41. Kc1 {[%clk 00:27:55]} {[%emt 00:00:11]} gxf5 {[%clk 00:01:30]} {[%emt
00:00:36]} 42. Qe6 {[%clk 00:28:01]} {[%emt 00:00:24]} Rd8 {[%clk 00:01:04]}
{[%emt 00:00:56]} 43. Qxf5 {[%clk 00:28:02]} {[%emt 00:00:29]} a6 {[%clk
00:00:59]} {[%emt 00:00:36]} 44. e6 {[%clk 00:28:19]} {[%emt 00:00:12]} Rg8
{[%clk 00:15:04]} {[%emt 00:01:23]} 45. e7 {[%clk 00:43:31]} {[%emt 00:00:19]}
Rb8 {[%clk 00:12:53]} {[%emt 00:02:40]} 46. Qf7 {[%clk 00:43:22]} {[%emt
00:00:40]} Ka7 {[%clk 00:12:51]} {[%emt 00:00:32]} 47. e8=Q {[%clk 00:43:39]}
{[%emt 00:00:13]} Rxe8 {[%clk 00:13:13]} {[%emt 00:00:09]} 48. Qxe8 {[%clk
00:43:58]} {[%emt 00:00:09]} a5 {[%clk 00:12:53]} {[%emt 00:00:51]} 49. Kxc2
{[%clk 00:44:21]} {[%emt 00:00:08]} b6 {[%clk 00:13:14]} {[%emt 00:00:08]} 50.
g4 {[%clk 00:44:32]} {[%emt 00:00:19]} a4 {[%clk 00:13:10]} {[%emt 00:00:34]}
51. g5 {[%clk 00:44:47]} {[%emt 00:00:15]} b5 {[%clk 00:13:37]} {[%emt
00:00:04]} 52. b4 {[%clk 00:45:05]} {[%emt 00:00:12]} Kb6 {[%clk 00:13:23]}
{[%emt 00:00:43]} 53. g6 {[%clk 00:45:23]} {[%emt 00:00:13]} Kc7 {[%clk
00:13:36]} {[%emt 00:00:15]} 54. g7 {[%clk 00:45:50]} {[%emt 00:00:05]} Kd6
{[%clk 00:13:59]} {[%emt 00:00:07]} 55. g8=Q {[%emt 00:00:24]} Kc7 {[%emt
00:00:48]} 56. Qe7+ {[%clk 00:45:03]} {[%emt 00:00:04]} Kb6 {[%clk 00:13:56]}
{[%emt 00:00:33]} 57. Qg6# {[%emt 00:00:14]} 1-0

[Event "DEM U10w 2024"]
[Site "Willingen GER"]
[Date "2024.05.19"]
[Round "1"]
[White "Xu, Dorothea Sicheng"]
[Black "Sniegowski, Amalia"]
[Result "1-0"]
[Termination "normal"]
[Board "8"]
[WhiteElo "1255"]
[BlackElo "998"]
[WhiteClock "00:33:49"]
[BlackClock "00:38:17"]
[PlyCount "53"]
[WhiteFideId "34667539"]
[BlackFideId "34675620"]
[EventCountry "GER"]
[EventRounds "11"]
[EventType "swiss"]
[EventDate "2024.05.18"]

1. e4 {[%clk 01:15:57]} {[%emt 00:00:02]} c5 {[%clk 01:15:58]} {[%emt
00:00:02]} 2. Nf3 {[%clk 01:16:19]} {[%emt 00:00:08]} a6 {[%clk 01:16:19]}
{[%emt 00:00:10]} 3. d4 {[%clk 01:16:11]} {[%emt 00:00:38]} cxd4 {[%clk
01:16:37]} {[%emt 00:00:12]} 4. Nxd4 {[%clk 01:16:31]} {[%emt 00:00:09]} Nf6
{[%clk 01:16:51]} {[%emt 00:00:15]} 5. Nc3 {[%clk 01:16:33]} {[%emt 00:00:30]}
e5 {[%clk 01:17:13]} {[%emt 00:00:08]} 6. Nf3 {[%clk 01:16:06]} {[%emt
00:00:56]} Bb4 {[%clk 01:17:33]} {[%emt 00:00:10]} 7. Bd2 {[%clk 01:13:56]}
{[%emt 00:02:39]} O-O {[%clk 01:17:39]} {[%emt 00:00:25]} 8. Bd3 {[%clk
01:11:46]} {[%emt 00:02:41]} d6 {[%clk 01:17:43]} {[%emt 00:00:27]} 9. O-O
{[%clk 01:10:42]} {[%emt 00:01:33]} Nbd7 {[%clk 01:17:43]} {[%emt 00:00:28]}
10. a3 {[%clk 01:07:33]} {[%emt 00:03:40]} Bxc3 {[%clk 01:17:54]} {[%emt
00:00:19]} 11. Bxc3 {[%clk 01:07:14]} {[%emt 00:00:49]} b5 {[%clk 01:17:52]}
{[%emt 00:00:32]} 12. Re1 {[%clk 01:05:04]} {[%emt 00:02:39]} Bb7 {[%clk
01:17:38]} {[%emt 00:00:46]} 13. h3 {[%emt 00:03:50]} Nc5 {[%emt 00:04:49]} 14.
Nd2 {[%emt 00:02:16]} d5 {[%emt 00:02:04]} 15. Bxe5 {[%emt 00:01:31]} dxe4
{[%emt 00:01:46]} 16. Bxf6 {[%emt 00:03:00]} Qxf6 {[%emt 00:02:35]} 17. Nxe4
{[%emt 00:04:51]} Qc6 {[%clk 01:08:32]} {[%emt 00:00:03]} 18. Qh5 {[%clk
00:49:25]} {[%emt 00:03:29]} Nxd3 {[%clk 01:06:17]} {[%emt 00:02:46]} 19. cxd3
{[%clk 00:48:06]} {[%emt 00:01:49]} f5 {[%clk 01:05:04]} {[%emt 00:01:43]} 20.
Rac1 {[%clk 00:46:18]} {[%emt 00:02:18]} Qd5 {[%clk 01:04:01]} {[%emt
00:01:31]} 21. Rc5 {[%clk 00:44:27]} {[%emt 00:02:23]} Qxd3 {[%emt 00:09:25]}
22. Nc3 {[%emt 00:09:05]} h6 {[%emt 00:04:25]} 23. Re7 {[%clk 00:36:16]} {[%emt
00:00:04]} Be4 {[%clk 00:49:54]} {[%emt 00:01:48]} 24. Rcc7 {[%clk 00:34:23]}
{[%emt 00:02:23]} Rf6 {[%clk 00:44:09]} {[%emt 00:06:15]} 25. Rxg7+ {[%emt
00:03:53]} Kf8 {[%clk 00:41:18]} {[%emt 00:00:09]} 26. Rcf7+ {[%clk 00:33:57]}
{[%emt 00:00:44]} Ke8 {[%clk 00:38:17]} {[%emt 00:03:32]} 27. Rg8# {[%clk
00:33:49]} {[%emt 00:00:35]} 1-0

[Event "DEM U10w 2024"]
[Site "Willingen GER"]
[Date "2024.05.19"]
[Round "1"]
[White "Goyush, Shams"]
[Black "Artemenko, Isabella"]
[Result "0-1"]
[Termination "normal"]
[Board "9"]
[WhiteElo "996"]
[BlackElo "1237"]
[WhiteClock "00:43:32"]
[BlackClock "00:40:42"]
[PlyCount "126"]
[BlackFideId "34639616"]
[EventCountry "GER"]
[EventRounds "11"]
[EventType "swiss"]
[EventDate "2024.05.18"]

1. e4 {[%clk 01:15:56]} {[%emt 00:00:02]} d5 {[%clk 01:15:57]} {[%emt
00:00:04]} 2. exd5 {[%clk 01:16:14]} {[%emt 00:00:11]} Qxd5 {[%clk 01:16:22]}
{[%emt 00:00:06]} 3. Nc3 {[%clk 01:16:27]} {[%emt 00:00:17]} Qa5 {[%clk
01:16:47]} {[%emt 00:00:05]} 4. Nf3 {[%clk 01:16:37]} {[%emt 00:00:20]} Nf6
{[%clk 01:17:07]} {[%emt 00:00:10]} 5. d4 {[%clk 01:16:33]} {[%emt 00:00:34]}
Bg4 {[%clk 01:17:14]} {[%emt 00:00:23]} 6. h3 {[%clk 01:16:07]} {[%emt
00:00:57]} Bh5 {[%clk 01:17:30]} {[%emt 00:00:13]} 7. Bf4 {[%clk 01:15:55]}
{[%emt 00:00:40]} Nd5 {[%clk 01:02:39]} {[%emt 00:15:23]} 8. Bd2 {[%clk
01:15:07]} {[%emt 00:01:17]} c6 {[%clk 01:01:18]} {[%emt 00:01:52]} 9. Nxd5
{[%clk 01:15:07]} {[%emt 00:00:29]} Qxd5 {[%clk 01:01:43]} {[%emt 00:00:06]}
10. Be2 {[%clk 01:14:57]} {[%emt 00:00:36]} Bxf3 {[%clk 01:01:42]} {[%emt
00:00:35]} 11. Bxf3 {[%clk 01:15:16]} {[%emt 00:00:10]} Qxd4 {[%clk 01:02:07]}
{[%emt 00:00:06]} 12. Bc3 {[%clk 01:14:23]} {[%emt 00:01:23]} Qxd1+ {[%clk
01:02:28]} {[%emt 00:00:09]} 13. Rxd1 {[%clk 01:14:44]} {[%emt 00:00:08]} Nd7
{[%clk 01:00:45]} {[%emt 00:02:15]} 14. O-O {[%clk 01:14:50]} {[%emt 00:00:24]}
O-O-O {[%clk 00:55:10]} {[%emt 00:06:04]} 15. a4 {[%clk 01:13:06]} {[%emt
00:02:14]} Nf6 {[%clk 00:47:02]} {[%emt 00:08:38]} 16. Rxd8+ {[%clk 01:12:40]}
{[%emt 00:00:55]} Kxd8 {[%clk 00:44:49]} {[%emt 00:02:44]} 17. Rd1+ {[%clk
01:12:55]} {[%emt 00:00:15]} Kc7 {[%clk 00:45:15]} {[%emt 00:00:04]} 18. a5
{[%clk 01:12:23]} {[%emt 00:01:02]} Nd7 {[%clk 00:41:31]} {[%emt 00:04:14]} 19.
b4 {[%clk 01:11:14]} {[%emt 00:01:39]} e6 {[%clk 00:36:32]} {[%emt 00:05:30]}
20. Rd4 {[%clk 01:06:48]} {[%emt 00:04:55]} Ne5 {[%clk 00:32:31]} {[%emt
00:04:31]} 21. Rf4 {[%clk 01:05:14]} {[%emt 00:02:02]} Nxf3+ {[%clk 00:32:49]}
{[%emt 00:00:13]} 22. Rxf3 {[%clk 01:05:23]} {[%emt 00:00:21]} f6 {[%emt
00:01:31]} 23. Re3 {[%clk 01:04:11]} {[%emt 00:00:23]} e5 {[%clk 00:32:56]}
{[%emt 00:00:41]} 24. Re4 {[%clk 01:04:36]} {[%emt 00:00:05]} Be7 {[%clk
00:32:22]} {[%emt 00:01:05]} 25. Re3 {[%clk 01:01:47]} {[%emt 00:03:18]} Rd8
{[%clk 00:32:38]} {[%emt 00:00:12]} 26. Rg3 {[%clk 00:54:46]} {[%emt 00:07:33]}
g6 {[%clk 00:32:17]} {[%emt 00:00:52]} 27. Re3 {[%clk 00:43:49]} {[%emt
00:11:27]} Rd1+ {[%clk 00:32:35]} {[%emt 00:00:12]} 28. Kh2 {[%clk 00:43:52]}
{[%emt 00:00:26]} Rb1 {[%clk 00:32:45]} {[%emt 00:00:20]} 29. f4 {[%clk
00:43:49]} {[%emt 00:00:33]} Bxb4 {[%clk 00:32:55]} {[%emt 00:00:22]} 30. Bxb4
{[%clk 00:43:32]} {[%emt 00:00:46]} Rxb4 {[%clk 00:33:19]} {[%emt 00:00:06]}
31. fxe5 {[%clk 00:43:41]} {[%emt 00:00:20]} fxe5 {[%clk 00:33:36]} {[%emt
00:00:14]} 32. Rxe5 {[%clk 00:44:04]} {[%emt 00:00:07]} Kd7 {[%clk 00:33:46]}
{[%emt 00:00:19]} 33. Re2 {[%clk 00:43:50]} {[%emt 00:00:40]} Rb5 {[%clk
00:34:12]} {[%emt 00:00:09]} 34. Rf2 {[%clk 00:43:59]} {[%emt 00:00:20]} Rf5
{[%clk 00:33:48]} {[%emt 00:00:54]} 35. Rd2+ {[%clk 00:44:04]} {[%emt
00:00:24]} Kc7 {[%clk 00:33:03]} {[%emt 00:01:16]} 36. Re2 {[%clk 00:44:21]}
{[%emt 00:00:14]} Rxa5 {[%clk 00:32:53]} {[%emt 00:00:41]} 37. Re7+ {[%clk
00:44:40]} {[%emt 00:00:10]} Kb6 {[%clk 00:33:20]} {[%emt 00:00:03]} 38. Rxh7
{[%clk 00:45:01]} {[%emt 00:00:07]} Rg5 {[%clk 00:32:59]} {[%emt 00:00:13]} 39.
h4 {[%clk 00:45:25]} {[%emt 00:00:45]} Rf5 {[%clk 00:33:17]} {[%emt 00:00:11]}
40. Rg7 {[%clk 00:45:31]} {[%emt 00:00:24]} Rf6 {[%clk 00:33:41]} {[%emt
00:00:08]} 41. Kg3 {[%clk 00:45:30]} {[%emt 00:00:30]} a5 {[%clk 00:34:06]}
{[%emt 00:00:06]} 42. Rd7 {[%clk 00:45:35]} {[%emt 00:00:24]} a4 {[%clk
00:34:07]} {[%emt 00:00:31]} 43. Rd3 {[%clk 00:45:52]} {[%emt 00:00:10]} Kb5
{[%clk 00:34:24]} {[%emt 00:00:14]} 44. Rd1 {[%clk 00:45:44]} {[%emt 00:00:37]}
Kc4 {[%clk 00:34:05]} {[%emt 00:00:51]} 45. Ra1 {[%clk 00:45:53]} {[%emt
00:00:18]} b5 {[%clk 00:34:22]} {[%emt 00:00:16]} 46. Ra2 {[%clk 00:45:42]}
{[%emt 00:00:40]} Kc3 {[%clk 00:34:34]} {[%emt 00:00:18]} 47. Kg4 {[%clk
00:45:08]} {[%emt 00:01:04]} c5 {[%clk 00:34:54]} {[%emt 00:00:11]} 48. g3
{[%clk 00:45:16]} {[%emt 00:00:21]} Ra6 {[%clk 00:35:17]} {[%emt 00:00:08]} 49.
h5 {[%clk 00:45:21]} {[%emt 00:00:24]} gxh5+ {[%clk 00:35:43]} {[%emt
00:00:04]} 50. Kxh5 {[%clk 00:45:43]} {[%emt 00:00:08]} b4 {[%clk 00:36:11]}
{[%emt 00:00:02]} 51. g4 {[%clk 00:45:46]} {[%emt 00:00:27]} b3 {[%clk
00:36:37]} {[%emt 00:00:04]} 52. cxb3 {[%clk 00:46:00]} {[%emt 00:00:16]} Kxb3
{[%clk 00:37:05]} {[%emt 00:00:02]} 53. Rg2 {[%clk 00:46:06]} {[%emt 00:00:24]}
a3 {[%clk 00:37:27]} {[%emt 00:00:09]} 54. g5 {[%clk 00:46:07]} {[%emt
00:00:28]} a2 {[%clk 00:37:53]} {[%emt 00:00:05]} 55. g6 {[%clk 00:45:11]}
{[%emt 00:01:25]} a1=Q {[%clk 00:38:18]} {[%emt 00:00:05]} 56. g7 {[%clk
00:44:58]} {[%emt 00:00:40]} Qh1+ {[%clk 00:38:38]} {[%emt 00:00:13]} 57. Rh2
{[%clk 00:43:49]} {[%emt 00:01:38]} Qxh2+ {[%emt 00:00:30]} 58. Kg5 {[%clk
00:43:56]} {[%emt 00:00:04]} Qh6+ {[%clk 00:39:07]} {[%emt 00:00:21]} 59. Kg4
{[%clk 00:44:11]} {[%emt 00:00:15]} Qxg7+ {[%clk 00:39:26]} {[%emt 00:00:11]}
60. Kf3 {[%clk 00:44:16]} {[%emt 00:00:23]} Re6 {[%clk 00:39:53]} {[%emt
00:00:06]} 61. Kf4 {[%clk 00:43:26]} {[%emt 00:01:19]} Qf7+ {[%clk 00:40:18]}
{[%emt 00:00:06]} 62. Kg5 {[%clk 00:43:18]} {[%emt 00:00:37]} Rg6+ {[%clk
00:40:42]} {[%emt 00:00:07]} 63. Kh5 {[%clk 00:43:32]} {[%emt 00:00:15]} Qh7#
{[%emt 00:00:05]} 0-1